Normal view
MARC view
- Kearton, W. J
Entry Personal Name
001 - CONTROL NUMBER
- control field: 74462
003 - CONTROL NUMBER IDENTIFIER
- control field: NUST
005 - DATE AND TIME OF LATEST TRANSACTION
- control field: 20210628205225.0
008 - FIXED-LENGTH DATA ELEMENTS
- fixed length control field: 210628|| aca||aabn | a|a d
040 ## - CATALOGING SOURCE
- Original cataloging agency: NUST
- Transcribing agency: NUST
100 ## - HEADING--PERSONAL NAME
- Personal name: Kearton, W. J
670 ## - SOURCE DATA FOUND
- Source citation: Work cat.: (NUST): Kearton, W. J, Steam turbine theory and practice a textbook for engineering studies, 1988
